Tube Stations Tile Select - Statistics

General Stats
  • This quiz has been taken 381 times
  • The average score is 12 of 16
Answer Stats
Question Tile Select % Correct
Tube Stations (NOT DLR or Overground.) Crossharbour No
96%
Tube Stations (NOT DLR or Overground.) Heathrow Terminals 2 & 3 Yes
90%
Tube Stations (NOT DLR or Overground.) Heron Quays No
90%
Tube Stations (NOT DLR or Overground.) London City Airport No
88%
Tube Stations (NOT DLR or Overground.) Beckenham Junction No
86%
Tube Stations (NOT DLR or Overground.) High Barnet Yes
86%
Tube Stations (NOT DLR or Overground.) Arnos Grove Yes
79%
Tube Stations (NOT DLR or Overground.) Canary Wharf Yes
74%
Tube Stations (NOT DLR or Overground.) Colliers Wood Yes
73%
Tube Stations (NOT DLR or Overground.) Balham Yes
68%
Tube Stations (NOT DLR or Overground.) Clapham Junction No
68%
Tube Stations (NOT DLR or Overground.) Newbury Park Yes
65%
Tube Stations (NOT DLR or Overground.) North Wembley Yes
65%
Tube Stations (NOT DLR or Overground.) Harlesden Yes
57%
Tube Stations (NOT DLR or Overground.) Hornchurch Yes
57%
Tube Stations (NOT DLR or Overground.) South Acton No
43%
No matching quizzes found
Score Distribution
Percent of People with Each Score
Percentile by Number Answered
Your Score History
You have not taken this quiz